<?xml version="1.0" encoding="UTF-8"?>
<collection xmlns="http://www.loc.gov/MARC21/slim">
 <record>
  <leader>     na                 </leader>
  <controlfield tag="001">INLIS000000000014565</controlfield>
  <controlfield tag="005">20250124105557</controlfield>
  <datafield tag="035" ind1=" " ind2=" ">
   <subfield code="a">0010-0125000022</subfield>
  </datafield>
  <datafield tag="245" ind1="1" ind2=" ">
   <subfield code="a">Pengantar sejarah dakwah /</subfield>
   <subfield code="c">Wahyu Ilaihi, S.Ag, M.A.</subfield>
  </datafield>
  <datafield tag="100" ind1="0" ind2=" ">
   <subfield code="a">Wahyu Ilaihi</subfield>
  </datafield>
  <datafield tag="300" ind1=" " ind2=" ">
   <subfield code="a">xxii, 246 hlm.; 23 cm.</subfield>
  </datafield>
  <datafield tag="700" ind1="0" ind2=" ">
   <subfield code="a">Harjani Hefni Polah</subfield>
  </datafield>
  <datafield tag="260" ind1=" " ind2=" ">
   <subfield code="a">Jakarta :</subfield>
   <subfield code="b">Prenadamedia Group,</subfield>
   <subfield code="c">2017</subfield>
  </datafield>
  <datafield tag="082" ind1=" " ind2=" ">
   <subfield code="a">297.729</subfield>
  </datafield>
  <datafield tag="084" ind1=" " ind2=" ">
   <subfield code="a">297.729 WAH p</subfield>
  </datafield>
  <datafield tag="020" ind1=" " ind2=" ">
   <subfield code="a">978-979-3925-96-7</subfield>
  </datafield>
  <datafield tag="650" ind1=" " ind2=" ">
   <subfield code="a">Dakwah Islam - Sejarah</subfield>
  </datafield>
  <datafield tag="520" ind1=" " ind2=" ">
   <subfield code="a">Tema-tema utama dalam buku ini antara lain: &#13;
Pengertian sejarah dakwah dan urgensi sejarah dakwah &#13;
- Dakwah sebelum Islam &#13;
- Dakwah pada masa Rasulullah SAW &#13;
- Dakwah pada masa Khulafa ar-Rasyidin &#13;
- Dakwah pada masa Umawiyyah, Abbasiyah, dan Dinasti Ustmaniyah &#13;
- Dakwah kontemporer yang berisi tentang perkembangan serta pola dakwah Islam di seluruh belahan dunia</subfield>
  </datafield>
  <controlfield tag="008">250124                e          0 ind  </controlfield>
  <datafield tag="990" ind1=" " ind2=" ">
   <subfield code="a">024.3248/PC/24</subfield>
  </datafield>
  <datafield tag="990" ind1=" " ind2=" ">
   <subfield code="a">024.3249/PC/24</subfield>
  </datafield>
  <datafield tag="990" ind1=" " ind2=" ">
   <subfield code="a">024.3250/PC/24</subfield>
  </datafield>
 </record>
</collection>
